Má používanie weblogov opodstatnenie vo výučbe odborného anglického jazyka na univerzitnom stupni štúdia?

Parciálne výsledky výskumu, ktorý prebieha na Ekonomickej univerzite v Bratislave v rámci projektu KEGA a ktorého cieľom je dokázať hypotézu, že pravidelné používanie weblogov vo výučbe anglického odborného jazyka má svoje opodstatnenie a vedie k zlepšeniu jazykovej kompetentnosti študentov.

Na minha lista:
Detalhes bibliográficos
Autor principal: Pašková, Hana
Outros Autores: Zsapková, Eleonóra
Formato: Capítulo de Livro
Idioma:eslovaco
Assuntos:
Tags: Adicionar Tag
Sem tags, seja o primeiro a adicionar uma tag!

MARC

LEADER 00000nla a2200000 4500
001 0182614
005 20240530101637.6
041 0 |a slo 
044 |a SK 
245 1 0 |a Má používanie weblogov opodstatnenie vo výučbe odborného anglického jazyka na univerzitnom stupni štúdia?  |c Hana Pašková, Eleonóra Zsapková 
520 |a Parciálne výsledky výskumu, ktorý prebieha na Ekonomickej univerzite v Bratislave v rámci projektu KEGA a ktorého cieľom je dokázať hypotézu, že pravidelné používanie weblogov vo výučbe anglického odborného jazyka má svoje opodstatnenie a vedie k zlepšeniu jazykovej kompetentnosti študentov. 
610 2 0 |a vzdelávanie vysokoškolské 
610 2 0 |a projekty 
610 2 0 |a internet 
610 2 0 |a jazyky cudzie 
610 2 0 |a angličtina 
100 1 |a Pašková, Hana 
700 1 |a Zsapková, Eleonóra